Language Quiz

Random Language or Country Quiz

Language by Map Quiz Stats

Quiz Updated Nov 19, 2014

Challenge
Share
Tweet
Score 0/25 Timer 10:00
22 Plays Today
% Correct
French
98.8%
Russian
98.2%
Spanish
98.1%
German
97.1%
English
95.1%
Korean
90.1%
Portuguese
89.7%
Hindi/Urdu
81.9%
Arabic
81.1%
Malay-Indonesian
79.2%
Mandarin
77.5%
Scots
76.5%
Latin
75%
% Correct
Romanian
63.4%
Swahili
63%
Persian
60.2%
Serbian
59.1%
Afrikaans
58.2%
Inuit Languages
55.7%
Bengali
49.2%
Tamil
33.9%
Punjabi
26.1%
Javanese
25.1%
Malagasy
20.3%
Wu
16.5%

You're not logged in!

Compare scores with friends on all Sporcle quizzes.
Join for Free
OR
Log In

You Might Also Like...

Show Comments

Extras

Top Quizzes Today


Score Distribution

Your Account Isn't Verified!

In order to create a playlist on Sporcle, you need to verify the email address you used during registration. Go to your Sporcle Settings to finish the process.

Report this User

Report this user for behavior that violates our Community Guidelines.

Details: